000
00344nam a2200145Ia 4500
008
150201s1992 xx 000 0 und d
082
_a
617.6
_b
A1999C
100
_a
CRANIN A, NORMAN
245
_a
ATLAS OF ORAL IMPLANTOLOGY
250
_a
2ND
260
_b
MOSBY
_a
DELHI
_c
1992
300
_a
1-489
650
_a
PROSTHODONTICS
942
_2
ddc
_c
BK
999
_c
3615
_d
3615